01955cam a22003615a 4500999001700000001000900017005001700026008004100043010001700084020001800101020001500119040002800134082002200162100002100184245007900205250004000284260004800324300004300372504005100415520031800466650003400784651001000818653002200828655001400850700002000864700002100884942000800905952013600913952013601049952013601185952013601321952013601457 c27256d272271932934320190319112507.0161006t2018 nyua frbd 001 0 eng d a 2016040843 a9781260083422 a126008342X aDLCbengcDLCdEG-ScBUE04a658.1511bGAR2221 aGarrison, Ray H.10aManagerial accounting /cRay H. Garrison, Eric W. Noreen, Peter C. Brewer. a16th ed., International student ed. aNew York :bMcGraw-Hill Education,cc.2018. axxxii, 784 p. :bill. (col.) ;c28 cm. aIncludes bibliographical references and index. aGuides students through managerial accounting. This title identifies the three functions managers must perform within their organisations' plan operations, control activities, and make decisions and explains what accounting information is necessary for these functions, how to collect it, and how to interpret it. 7aManagerial accounting.2BUEsh 2BUEsh bBUSADMcMarch2019 vText book1 aNoreen, Eric W.1 aBrewer, Peter C. 2ddc 00102ddc40708BaccahaMAINbMAINc1STd2019-03-19ePurchaseg550.00l0o658.1511 GARp000044429r2025-07-15 00:00:00v687.50yNB 00102ddc40708BaccahaMAINbMAINc1STd2019-03-19ePurchaseg550.00l0o658.1511 GARp000044430r2022-08-24 00:00:00v687.50yNB 00102ddc40708BaccahaMAINbMAINc1STd2019-03-19ePurchaseg550.00l0o658.1511 GARp000044431r2025-07-15 00:00:00v687.50yBB 00102ddc40708BaccahaMAINbMAINc1STd2019-03-19ePurchaseg550.00l0o658.1511 GARp000044432r2025-07-15 00:00:00v687.50yBB 00102ddc40708BaccahaMAINbMAINc1STd2019-03-19ePurchaseg550.00l0o658.1511 GARp000044433r2025-07-15 00:00:00v687.50yBB